000 00442cam a2200193 4500
001 D13923
008 090401t1947 xxu||||| |||| 00| 0 eng d
035 _a(Sirsi) u12334
041 _aeng
100 _aSmith-Saville, J.R.
245 _aCurrent Land Law
260 _aLondon
_bEstates Gazette
_c1947
300 _aviii,158p. ; 22cm.
350 _a0
520 _aShelf 135
650 _aLAND LAW
942 _n0
948 _c04/03/1997
999 _c86979
_d86979